Biennale musica 1982: numero e suono (7) (Record n. 100330)
[ formato base ]
| 000 -LEADER | |
|---|---|
| fixed length control field | 01188njm a2200301Ia 4500 |
| 001 - CONTROL NUMBER | |
| control field | 21028 |
| 003 - CONTROL NUMBER IDENTIFIER | |
| control field | IT-RoPAU |
| 005 - DATE AND TIME OF LATEST TRANSACTION | |
| control field | 20220918181128.0 |
| 008 - FIXED-LENGTH DATA ELEMENTS--GENERAL INFORMATION | |
| fixed length control field | 131025s9999 xx 000 0 und d |
| 040 ## - CATALOGING SOURCE | |
| Original cataloging agency | IT-RoPAU |
| 040 ## - CATALOGING SOURCE | |
| Transcribing agency | IT-RoPAU |
| 999 ## - SYSTEM CONTROL NUMBERS (KOHA) | |
| Koha Dewey Subclass [OBSOLETE] | n.d. |
| 100 ## - MAIN ENTRY--PERSONAL NAME | |
| Personal name | AA.VV. |
| 9 (RLIN) | 794 |
| 100 ## - MAIN ENTRY--PERSONAL NAME | |
| Relator term | Autore musica |
| 9 (RLIN) | 4520 |
| 100 ## - MAIN ENTRY--PERSONAL NAME | |
| Miscellaneous information | Codice autore musica SPICS: 12000 |
| 9 (RLIN) | 796 |
| 245 ## - TITLE STATEMENT | |
| Title | Biennale musica 1982: numero e suono (7) |
| 250 ## - EDITION STATEMENT | |
| Edition statement | 1a ed. |
| 260 ## - PUBLICATION, DISTRIBUTION, ETC. (IMPRINT) | |
| Place of publication, distribution, etc. | ROMA |
| 260 ## - PUBLICATION, DISTRIBUTION, ETC. (IMPRINT) | |
| Name of publisher, distributor, etc. | SPICS RECORDS |
| Date of publication, distribution, etc. | 1982 [1a Ed.:1982] |
| 300 ## - PHYSICAL DESCRIPTION | |
| Extent | MUSICASSETTA |
| 500 ## - GENERAL NOTE | |
| General note | Musica strumentale |
| 505 ## - FORMATTED CONTENTS NOTE | |
| Formatted contents note | February pieces - Winter Potatoes - Volo solo - Treatise (estratto) - Principe Igor Stravinskij per voce e strumenti |
| 650 ## - SUBJECT ADDED ENTRY--TOPICAL TERM | |
| Topical term or geographic name as entry element | STRUMENTALE [CASSETTE] |
| Relator term | Codice MATERIA SPICS: 9951 |
| 9 (RLIN) | 1218 |
| 700 ## - ADDED ENTRY--PERSONAL NAME | |
| Personal name | Petazzi Paolo |
| Dates associated with a name | odice autore testo SPICS: 11572 |
| Relator term | Autore testo |
| 9 (RLIN) | 4521 |
| 700 ## - ADDED ENTRY--PERSONAL NAME | |
| Personal name | Cardew Cornelius |
| Dates associated with a name | Codice autore musica SPICS: 8437 |
| Relator term | Autore musica |
| Name of part/section of a work | February pieces - Winter Potatoes - Volo solo - Treatise (estratto) |
| 9 (RLIN) | 4522 |
| 700 ## - ADDED ENTRY--PERSONAL NAME | |
| Personal name | Kagel Mauricio |
| Dates associated with a name | Codice autore musica SPICS: 5167 |
| Relator term | Autore musica |
| Name of part/section of a work | Principe Igor Stravinskij per voce e strumenti |
| 9 (RLIN) | 4523 |
| 942 ## - ADDED ENTRY ELEMENTS (KOHA) | |
| Koha item type | MUSICASSETTE |
| Source of classification or shelving scheme | Dewey Decimal Classification |
| Withdrawn status | Lost status | Damaged status | Not for loan | Home library | Current library | Date acquired | Total Checkouts | Full call number | Date last seen | Price effective from | Koha item type | Public note |
|---|---|---|---|---|---|---|---|---|---|---|---|---|
| Buone Condizioni | Not For Loan | SPICS-MEDIATECA | SPICS-MEDIATECA | 25/10/2013 | 21028 | 25/10/2013 | 25/10/2013 | MUSICASSETTE | Progr. Ins.: 3708 / N.Vol.: n.d. / Copie: 1 - Copia rara: n.d. / date import: 01.01.2014 - By Epidotti, Trombetti, Vaglietti |